Comprehensive computer learing: (Record no. 162919)

MARC details
000 -LEADER
fixed length control field 00554nam a22001817a 4500
005 - DATE AND TIME OF LATEST TRANSACTION
control field 20190422165505.0
010 ## - LCCN (DPL NO)
LC control number ENG-124923
020 ## - INTERNATIONAL STANDARD BOOK NUMBER
Terms of availability 195.00
International Standard Book Number 9789350578841
035 ## - SYSTEM CONTROL NUMBER
System control number EN-108455
037 ## - SOURCE OF ACQUISITION
Source of stock number/acquisition DBAD/PUB
082 ## - DEWEY DECIMAL CLASSIFICATION NUMBER
Classification number 005.58
100 ## - MAIN ENTRY--PERSONAL NAME
Personal name Bitu Kumar
245 ## - TITLE STATEMENT
Title Comprehensive computer learing:
Remainder of title microsoft powerpoint 2010/
Statement of responsibility, etc by Bitu Kumar
260 ## - PUBLICATION, DISTRIBUTION, ETC. (IMPRINT)
Place of publication, distribution, etc New Delhi
Name of publisher, distributor, etc V&S Publishers
Date of publication, distribution, etc 2017
270 ## - ADDRESS
Address F-2/16, Ansari Road, Daryaganj
City New Delhi
Postal code 110002
300 ## - PHYSICAL DESCRIPTION
Extent 96p.
Dimensions 25cm.(pbk)
Other physical details ill.
942 ## - ADDED ENTRY ELEMENTS (KOHA)
Source of classification or shelving scheme Dewey Decimal Classification
Item type English Books
Call number suffix BIT
Classification part 005.58
Holdings
Withdrawn status Lost status Not for loan Collection code Home library Current library Date acquired Source of acquisition Cost, normal purchase price Full call number Barcode Copy number Cost, replacement price Koha item type
    Not For Loan Non-fiction D.B.Act.Division Patel Nagar 25/03/2019 DBAD/PUB 195.00 005.58 BIT EN-108455 1 195.00 English Books

© Delhi Public Library
Hit Counter
free hit counter